• 首页
  • 本馆介绍
  • 公告通知
  • 最新文献
  • 馆藏检索
  • 电子资源
  • 读者导购
  • 参考咨询
  • 我的图书馆
  • 登录
  • 详细信息显示
  • 放入我的书架
  • 预约/预借图书
  • 作者相关作品
  • 分类相关作品
  • 丛书相关作品
  • 出版社相关作品

书目信息

  • 表格格式
  • 工作单格式
  • 卡片格式
题名:
寄小读者
    
 
作者: 冰心 著
分册:  
出版信息: 昆明   云南人民出版社  2016
页数: 189页
开本: 20cm
丛书名:
单 册:
中图分类: I286.6
科图分类:
主题词: 儿童文学--er tong wen xue--散文集--中国--现代
电子资源:
ISBN: 978-7-222-14665-5
000 00885nam0 22002291 450
001 0118172106
005 20170618172106.0
010    @a978-7-222-14665-5@dCNY29.00
100    @a20161104d2016 cemy0chiy50 ea
101 0  @achi
102    @aCN@b530000
105    @aa z 000cy
106    @ar
200 1  @a寄小读者@Aji xiao du zhe@f冰心著
210    @a昆明@c云南人民出版社@d2016
215    @a189页@c照片@d20cm
330    @a本书是冰心在1923年至1926年间写给小读者的通讯,其中有二十一篇是她在赴美留学期间写成的,主要记述了海外的风光和奇闻异事,同时也抒发了她对祖国、对故乡的热爱和思念之情,蕴含着博大而深沉的爱。今天,当小朋友再来读冰心的这些作品时,仍能感觉到其中深厚的情感与关爱。
606 0  @a儿童文学@Aer tong wen xue@x散文集@y中国@z现代
690    @aI286.6@v5
701  0 @a冰心@Abing xin@f(1900~1999)@4著
801  0 @aCN@bTANGWEI@c20170610
905    @b1008291-6@dI286.6@e59@f6
    
    寄小读者/冰心著 .-昆明:云南人民出版社,2016
    189页:照片;20cm
    
    
    ISBN 978-7-222-14665-5:CNY29.00
    本书是冰心在1923年至1926年间写给小读者的通讯,其中有二十一篇是她在赴美留学期间写成的,主要记述了海外的风光和奇闻异事,同时也抒发了她对祖国、对故乡的热爱和思念之情,蕴含着博大而深沉的爱。今天,当小朋友再来读冰心的这些作品时,仍能感觉到其中深厚的情感与关爱。
●
相关链接 在E读中查询图书 在五车中查询图书 在当当中查询图书 在豆瓣中查询图书


正题名:寄小读者     索取号:I286.6/59         预约/预借

序号 登录号 条形码 馆藏地/架位号 状态 备注
1 1008291   210082916   第一样本阅览室/ [索取号:I286.6/59] 在馆    
2 1008292   210082925   教育系资料室/ [索取号:I286.6/59] 在馆    
3 1008293   210082934   教育系资料室/ [索取号:I286.6/59] 在馆    
4 1008294   210082943   教育系资料室/ [索取号:I286.6/59] 在馆    
5 1008295   210082952   第二借阅区/ [索取号:I286.6/59] 在馆    
6 1008296   210082961   第二借阅区/ [索取号:I286.6/59] 在馆    
唐山师范学院图书馆 欢迎您!
大连网信软件有限公司© 版权所有